DEFENSE SPENDING ,NATURAL RESOURCES AND CONFLICT / (Record no. 23215)
[ view plain ]
| 000 -LEADER | |
|---|---|
| fixed length control field | 00485nam a22001697a 4500 |
| 003 - CONTROL NUMBER IDENTIFIER | |
| control field | OSt |
| 005 - DATE AND TIME OF LATEST TRANSACTION | |
| control field | 20251211100630.0 |
| 008 - FIXED-LENGTH DATA ELEMENTS--GENERAL INFORMATION | |
| fixed length control field | 251211b |||||||| |||| 00| 0 eng d |
| 020 ## - INTERNATIONAL STANDARD BOOK NUMBER | |
| International Standard Book Number | 9781138086500 |
| 040 ## - CATALOGING SOURCE | |
| Original cataloging agency | LC |
| Transcribing agency | JCSC |
| 050 ## - LIBRARY OF CONGRESS CALL NUMBER | |
| Classification number | JZ 6370 |
| Item number | .D44 2016 |
| 245 ## - TITLE STATEMENT | |
| Title | DEFENSE SPENDING ,NATURAL RESOURCES AND CONFLICT / |
| Statement of responsibility, etc. | Edited by Christos Kollias and Hamid E.Ali |
| 260 ## - PUBLICATION, DISTRIBUTION, ETC. | |
| Place of publication, distribution, etc. | London : |
| Name of publisher, distributor, etc. | Routledge ; |
| Date of publication, distribution, etc. | 2016. |
| 300 ## - PHYSICAL DESCRIPTION | |
| Extent | 135 pages. |
| 504 ## - BIBLIOGRAPHY, ETC. NOTE | |
| Bibliography, etc. note | includes index. |
| 942 ## - ADDED ENTRY ELEMENTS (KOHA) | |
| Source of classification or shelving scheme | Library of Congress Classification |
| Koha item type | Normal Collection |
| Suppress in OPAC | No |
| Withdrawn status | Lost status | Source of classification or shelving scheme | Damaged status | Not for loan | Home library | Current library | Shelving location | Date acquired | Inventory number | Total Checkouts | Full call number | Barcode | Date last seen | Price effective from | Koha item type |
|---|---|---|---|---|---|---|---|---|---|---|---|---|---|---|---|
| Library of Congress Classification | Joint Command and Staff College | Joint Command and Staff College | General Stacks | 11/12/2025 | 5938/25 | JZ 6370 .D44 2016 | JCSC006946 | 11/12/2025 | 11/12/2025 | Normal Collection |